Andrew Volney

TAG Magnet: Taylor's Version


Categories

Science - Biology020020120120.0002
Other Academic0200208094.0002
History - American History010110114114.0011
Ancient History and Archaeology010010110110.0011
Geography0100107171.0001
Literature - American Literature010110130130.0001
Social Science0100109292.0001
Beliefs01105123123.0001
Current Events0010-50.0000
History - European History0010-50.0000

Buzzes

Beliefsbridges-544
Current Eventsautomotive industry-544
History - European HistoryAmsterdam-554
Geographysandstorms1071
Other Academicsteakhouses1080
Social Scienceoptions1092
Other AcademicDOOM10108
Ancient History and Archaeologycopper10110
History - American HistoryNational Security Agency10114
Science - Biologyfeathers10120